Dans quels clubs a joué Olivier Giroud ? - Statistiques

Statistiques générales
  • Ce quiz a été pris 69 fois
  • Le résultat moyen est 5 sur 9
Statistiques - réponses
Pays Années Club % Correct
Italie 2021-2024 AC Milan
88%
Angleterre 2012-2018 Arsenal FC
79%
Angleterre 2018-2021 Chelsea FC
76%
USA 2024-2025 Los Angeles FC
58%
France 2025-2026 Lille OSC
45%
France 2010-2012 Montpellier HSC
45%
France 2008-2010 Tours FC
41%
France 2005-2007 Grenoble Foot 38
32%
France 2007-2008 Istres FC
26%
Aucun quiz correspondant
Distribution des résultats
% des personnes avec chaque résultat
Percentile par nombre de réponses
Votre historique - résultats
Vous n’avez pas pris ce quiz